00605nam a2200169Ia 4500100003500000650004100035490000600076942000700082654002900089245009200118260004200210082002000252300000800272546001200280999001700292952012600309 aArivazhagan/S/ Henry/Selvaraj  aComputer intelligence and multimedia v1 cRB ainternational conference aInternational Conference on computational intelligence and multimedia applications 2007 bIEEE Computer Societyasivakasic2007 a004.35/ARIbARI a594 aENGLISH c29687d29687 001040708CRCaCRCEbCRCEd2023-03-17eMepco Schlenk Engg.Collegel0o004.35/ARI ARIp18492r2023-03-17w0000-00-00yRB